00227nam a2200097Ia 4500008004100000041000800041100001300049245003800062650001000100999001900110230605s9999 xx 000 0 und d aeng aLahiri A aAdvanced bakery and confectionary aF. P. c416705d416705